000 00396nam a2200145Ia 4500
001 2481
008 241024s9999 xx 000 0 und d
020 _a978-9945-020-59-5
082 _aRD/320.97293/V476de
100 _aRamón Antonio Veras - Negro -
245 0 _aDe la calle a los estrados por justicia y libertad
260 _bBúho
_c2008
901 _a19/9/2012 11:07:35 a.m.
999 _c9800
_d9800